Simulación de un proceso constructivo de viviendas prefabricadas utilizando el lenguaje de programación Stroboscope
সংরক্ষণ করুন:
| প্রধান লেখক: | |
|---|---|
| বিন্যাস: | গ্রন্থ |
| প্রকাশিত: |
[San José], Costa Rica
2010
|
| বিষয়গুলি: | |
| ট্যাগগুলো: |
ট্যাগ যুক্ত করুন
কোনো ট্যাগ নেই, প্রথমজন হিসাবে ট্যাগ করুন!
|
MARC
| LEADER | 00000nam a2200000Ia 4500 | ||
|---|---|---|---|
| 003 | 010526 | ||
| 005 | 20221231144037.0 | ||
| 008 | 140114s2010 cr a 000 ||s d | ||
| 040 | |c cru CEDI | ||
| 090 | |a TFG 6145 | ||
| 100 | |a Chinchilla Saborío, Sebastían |9 3117 | ||
| 245 | |a Simulación de un proceso constructivo de viviendas prefabricadas utilizando el lenguaje de programación Stroboscope | ||
| 260 | |c 2010 |b [San José], Costa Rica | ||
| 500 | |a Proyecto de graduación (licenciatura en ingeniería civil)--Universidad de Costa Rica. Facultad de Ingeniería. Escuela de Ingeniería Civil | ||
| 650 | |x CASAS PREFABRICADAS |x CONSTRUCCION DE VIVIENDAS |x STROBOSCOPE (LENGUAJE DE PROGRAMACION PARA COMPUTADORA) |9 3118 | ||
| 942 | |c TFG | ||
| 999 | |c 16070 |d 16070 | ||
